| 000 | 00499nam a2200181Ia 4500 | ||
|---|---|---|---|
| 008 | 240925s9999 xx 000 0 und d | ||
| 020 | _a9781718502208 | ||
| 082 | _a005.133 VAS | ||
| 100 | _aVasiliev, Yuli | ||
| 245 | 0 | _aPython for data science: a hands on introduction | |
| 250 | _a3rd | ||
| 260 |
_aSan Francisco: _bNo Starch Press _c2022 |
||
| 300 |
_a274p. _bNA _fNA |
||
| 500 | _aNA | ||
| 600 | _aComputer Science | ||
| 650 | _aComputer science, information & general works | ||
| 942 | _cBK | ||
| 999 |
_c18160 _d18160 |
||